| 000 | 01298nam0a22002891 4500 | ||
|---|---|---|---|
| 001 | rc\3138220 | ||
| 005 | 20120615100711.2 | ||
| 021 |
_aRU _b76-ОЭ-138/7 |
||
| 021 |
_aRU _bРг9685-76 |
||
| 035 | _a(NLR Aleph) 007289230 | ||
| 090 |
_a5591947 _c5591947 |
||
| 100 | _a20120615d1975 |||y0rusy50 ca | ||
| 101 | 0 |
_arus _aeng |
|
| 102 | _aRU | ||
| 105 | _ay eg ||||| | ||
| 200 | 1 |
_aТексты, упражнения, контрольные работы, словарь терминов и краткий грамматический справочник _eМетод. пособие по англ. яз. для студ. спец. 0902 _fМ-во высш. и сред. спец. образ. БССР. Белорус. технол. ин-т им. С.М. Кирова. Кафедра иностр. яз |
|
| 210 |
_aМинск _cБ. и. _d1975 |
||
| 215 |
_a98 с. _d20 |
||
| 300 | _aНа обороте тит. л. сост.: Е.М. Панарина, Л.Б. Батина | ||
| 702 | 1 |
_aБатина _bЛ. Б. _4220 |
|
| 702 | 1 |
_aПанарина _bЕ. М. _4220 |
|
| 712 | 0 | 2 |
_aБелорусский технол. ин-т им. С.М.Кирова _cМинск _3RU\NLR\AUTH\889984546 |
| 801 | 0 |
_aRU _bNLR _gpsbo |
|
| 801 | 1 |
_aRU _bELAR _2rusmarc |
|
| 852 |
_aNLR _j76-4/24249 |
||
| 942 | _cBOOK | ||
| 980 | _aNB | ||